[Event "5th EKA IIFL Investment 2019"]
[Site "Mumbai"]
[Date "2020.01.03"]
[Round "5.34"]
[White "Gandhi, Anish"]
[Black "Sardana, Rishi"]
[Result "0-1"]
[WhiteElo "2168"]
[BlackElo "2428"]
[Annotator "TA"]
[PlyCount "42"]
[EventDate "2019.12.30"]
[EventType "swiss"]
[EventCountry "IND"]
[SourceTitle "playchess.com"]
[Source "ChessBase"]
[SourceQuality "1"]

{[%evp 10,44,25,2,12,0,0,-10,-9,-22,-21,-23,-14,-47,-50,-68,-59,-58,-60,-63,-50,-52,-61,-104,-122,-156,-50,-43,-26,-303,-306,-414,-409,-431,-351,-484,-477]} 1. e4 c5 2. Nf3 d6 3. d4 cxd4 4. Nxd4 Nf6 5. Nc3 a6 6. Nb3 Nbd7 {B90: Sicilian Najdorf: Unusual White 6th moves, 6 Be3 Ng4 and 6 Be3 e5} (6... g6 7. Be3 Bg7 8. Qd2 Ng4 9. Bg5 h6 10. Bh4 g5 11. Bg3 Nc6 12. Be2 Nge5 13. h4 gxh4 14. Bxh4 {0-1 (35) Alekseenko,K (2638)-Nepomniachtchi,I (2763) St Petersburg 2018}) 7. Be3 b5 8. a3 Bb7 {The position is equal.} 9. f3 e6 10. Qd4 $146 ({Predecessor:} 10. g4 h6 11. Rg1 d5 12. h4 dxe4 13. g5 hxg5 14. hxg5 {0-1 (30) Assaubayeva,B (2376)-Idani,P (2604) Sharjah 2019}) 10... Qc7 11. O-O-O Rc8 12. Qd2 d5 13. exd5 Nxd5 14. Nxd5 Bxd5 15. Kb1 Bd6 16. Nd4 {next a4! is good for White.} O-O 17. Nf5 Bc5 (17... exf5 $17 18. Qxd5 Qxc2+ 19. Ka2 {[#]} Bxa3 $1 {[%mdl 576] Pin}) 18. Bxc5 $15 Nxc5 19. Nxg7 $2 {[%mdl 8192]} (19. Ne3 $11 {and White is okay.}) 19... Qe5 $19 ({Inferior is} 19... Kxg7 20. Qg5+ Kh8 21. Qf6+ Kg8 22. Qg5+ Kh8 23. Qf6+ Kg8 24. Qg5+ Kh8 $11) 20. Nxe6 Bxe6 21. Bd3 Nxd3 {Played: Rf8-d8} 0-1

[Event "5th EKA IIFL Investment 2019"]
[Site "Mumbai"]
[Date "2020.01.03"]
[Round "5.35"]
[White "Khusenkhojaev, Muhammad"]
[Black "Sapaev, Maksad"]
[Result "1-0"]
[WhiteElo "2427"]
[BlackElo "2250"]
[Annotator "TA"]
[PlyCount "81"]
[EventDate "2019.12.30"]
[EventType "swiss"]
[EventCountry "IND"]
[SourceTitle "playchess.com"]
[Source "ChessBase"]
[SourceQuality "1"]

{[%evp 16,81,39,40,57,56,81,72,75,87,128,126,114,117,114,121,164,154,196,192,232,240,225,220,347,330,342,336,307,155,109,66,66,61,70,62,50,52,57,12,172,183,192,166,160,137,116,135,506,506,506,506,506,506,506,506,491,481,832,832,766,687,6871,4133,12794,12459,29976,29974]} 1. Nf3 d5 2. g3 Nf6 3. Bg2 c6 4. b3 Bf5 5. Bb2 e6 6. d3 h6 7. O-O Nbd7 8. Nbd2 Bc5 9. e4 dxe4 {A07: Réti Opening: New York and Capablanca Systems} (9... Bh7 10. Qe2 O-O 11. c4 a5 12. a3 Qb6 13. exd5 cxd5 14. d4 Be7 15. c5 Qc6 16. b4 Qa4 17. Bc3 {1-0 (66) Jones,G (2662)-Christiansen,J (2462) Heraklio 2017}) 10. dxe4 Nxe4 11. Nxe4 Bxe4 {White is better.} 12. Bxg7 Rh7 13. Bb2 Qe7 14. Qe2 Bxf3 $146 ({Predecessor:} 14... f5 15. a3 O-O-O 16. b4 Bb6 17. c4 {½-½ (41) Soppe,G (2453)-Mosquera,M (2434) Santa Clara 2005}) 15. Qxf3 O-O-O {[#]} 16. a3 $1 Bb6 17. b4 {[%cal Bb3b4,Bb4b5][%mdl 32]} f5 {[#]} 18. b5 $1 {[%mdl 512]} Nb8 (18... cxb5 19. Qxb7#) 19. a4 h5 (19... Bd4 $142) 20. a5 $18 Bc5 21. a6 cxb5 22. axb7+ ({White should play} 22. Be5 $18) 22... Qxb7 $16 23. Qxb7+ (23. Qb3 {is more complex.} Qb6 24. Rae1 Re8 25. Bf6 Rd7 26. Qf3) 23... Rxb7 24. Bxb7+ Kxb7 25. Rfd1 Rxd1+ 26. Rxd1 $14 {[%mdl 4096] Endgame Re1 is the strong threat. KRB-KBN} Nc6 27. Re1 Nd4 $2 (27... a5 $1 $11) 28. Kf1 $18 a5 29. Re5 Kc6 30. Bxd4 Bxd4 31. Rxe6+ $16 {KR-KB} Kc7 $2 {[%mdl 8192]} (31... Kd5 $16 32. Re8 a4) 32. Ke2 $18 a4 33. Kd3 Bxf2 34. Rh6 Be1 35. c3 a3 36. Kc2 f4 (36... a2 $142 37. Kb2 Kd7 38. Kxa2 Bxc3) 37. gxf4 h4 38. Kb3 Kb7 39. f5 a2 40. Kxa2 Bxc3 41. f6 {Accuracy: White = 81%, Black = 27%.} 1-0

[Event "5th EKA IIFL Investment 2019"]
[Site "Mumbai"]
[Date "2020.01.03"]
[Round "5.36"]
[White "Eraschenkov, Denis"]
[Black "Aradhya, Garg"]
[Result "1-0"]
[WhiteElo "2386"]
[BlackElo "2197"]
[Annotator "ChessBase"]
[PlyCount "125"]
[EventDate "2019.12.30"]
[EventType "swiss"]
[EventCountry "IND"]
[SourceTitle "playchess.com"]
[Source "ChessBase"]
[SourceQuality "1"]
[TimeControl "40/5400+30:1800+30"]

1. e4 {[%emt 0:00:00]} c5 {[%emt 0:00:00]} 2. Nf3 {[%emt 0:00:00]} Nc6 {[%emt 0:00:00]} 3. Nc3 {[%emt 0:00:29]} g6 {[%emt 0:00:00]} 4. d4 {[%emt 0:00:06]} cxd4 {[%emt 0:00:00]} 5. Nxd4 {[%emt 0:00:04]} Bg7 {[%emt 0:00:00]} 6. Be3 {[%emt 0:00:07]} Nf6 {[%emt 0:00:00]} 7. Bc4 {[%emt 0:00:12]} O-O {[%emt 0:00:13]} 8. Bb3 {[%emt 0:00:12]} Re8 {[%emt 0:00:36]} 9. O-O {[%emt 0:01:49]} d6 {[%emt 0:07:01]} 10. h3 {[%emt 0:00:36]} Na5 {[%emt 0:00:28]} 11. Qd3 {[%emt 0:12:09]} a6 {[%emt 0:09:25]} 12. f4 {[%emt 0:06:56]} e5 {[%emt 0:21:17]} 13. Nde2 {[%emt 0:09:12]} Nxb3 {[%emt 0:01:28]} 14. axb3 {[%emt 0:00:27]} exf4 {[%emt 0:09:23]} 15. Bxf4 {[%emt 0:32:55]} d5 {[%emt 0:01:14]} 16. exd5 {[%emt 0:02:22]} b5 {[%emt 0:07:09]} 17. b4 {[%emt 0:03:34]} Bb7 {[%emt 0:15:14]} 18. Rad1 {[%emt 0:02:37]} Nxd5 {[%emt 0:01:54]} 19. Nxd5 {[%emt 0:00:21]} Qxd5 {[%emt 0:00:16]} 20. Qxd5 {[%emt 0:01:38]} Bxd5 {[%emt 0:00:03]} 21. Nd4 {[%emt 0:01:38]} Bc4 {[%emt 0:05:14]} 22. Rf2 {[%emt 0:00:53]} Rad8 {[%emt 0:05:23]} 23. c3 {[%emt 0:00:14]} Re4 {[%emt 0:00:04]} 24. Bg5 {[%emt 0:08:47]} Rd5 {[%emt 0:03:18]} 25. Bf6 {[%emt 0:01:18]} Bh6 26. Ra1 {[%emt 0:02:15]} Be3 {[%emt 0:05:34]} 27. Rxa6 {[%emt 0:00:14]} Re8 {[%emt 0:00:33]} 28. g4 {[%emt 0:01:14]} h5 {[%emt 0:01:09]} 29. Kg2 {[%emt 0:00:47]} hxg4 {[%emt 0:00:05]} 30. hxg4 {[%emt 0:00:14]} Rd7 {[%emt 0:02:27]} 31. b3 {[%emt 0:04:23]} Bd5+ {[%emt 0:01:55]} 32. Kg3 {[%emt 0:00:08]} Bxf2+ {[%emt 0:00:05]} 33. Kxf2 {[%emt 0:00:06]} Rc8 {[%emt 0:02:51]} 34. Rb6 {[%emt 0:03:32]} Rb7 {[%emt 0:01:02]} 35. Rd6 {[%emt 0:02:47]} Be6 {[%emt 0:00:38]} 36. g5 {[%emt 0:01:20]} Kf8 {[%emt 0:00:13]} 37. Ke2 {[%emt 0:01:31]} Bg4+ {[%emt 0:01:27]} 38. Kd3 {[%emt 0:01:05]} Re8 {[%emt 0:00:41]} 39. Ra6 {[%emt 0:00:37]} Rc8 {[%emt 0:00:35]} 40. Ra5 {[%emt 0:00:00]} Re8 {[%emt 0:00:00]} 41. Kd2 {[%emt 0:05:20]} Bd7 {[%emt 0:01:31]} 42. Ra6 {[%emt 0:02:35]} Re4 {[%emt 0:06:57]} 43. Nf3 {[%emt 0:03:12]} Re8 {[%emt 0:05:15]} 44. Ne5 {[%emt 0:02:20]} Be6 {[%emt 0:01:28]} 45. Kc2 {[%emt 0:01:31]} Rc7 {[%emt 0:04:03]} 46. Kb2 {[%emt 0:01:19]} Bd5 {[%emt 0:00:58]} 47. Rd6 {[%emt 0:00:52]} Bg2 {[%emt 0:08:13]} 48. Rd2 {[%emt 0:02:52]} Ra8 {[%emt 0:00:57]} 49. Rxg2 {[%emt 0:00:15]} Rca7 {[%emt 0:00:01]} 50. Rd2 {[%emt 0:00:18]} Ra2+ {[%emt 0:01:51]} 51. Kc1 {[%emt 0:00:07]} Ra1+ {[%emt 0:00:16]} 52. Kc2 {[%emt 0:00:05]} Re1 {[%emt 0:00:21]} 53. Nd3 {[%emt 0:03:11]} Rh1 {[%emt 0:00:54]} 54. c4 {[%emt 0:00:16]} bxc4 {[%emt 0:00:06]} 55. bxc4 {[%emt 0:00:05]} Ke8 {[%emt 0:00:22]} 56. Nb2 {[%emt 0:00:16]} Rh4 {[%emt 0:00:46]} 57. b5 {[%emt 0:00:25]} Rf4 {[%emt 0:00:23]} 58. Kb3 {[%emt 0:00:22]} Rf3+ {[%emt 0:00:14]} 59. Kb4 {[%emt 0:00:07]} Rf4 {[%emt 0:00:12]} 60. b6 {[%emt 0:00:32]} Rb8 {[%emt 0:00:11]} 61. Kb5 {[%emt 0:00:44]} Rf3 {[%emt 0:00:43]} 62. Nd3 {[%emt 0:00:20]} Rh3 {[%emt 0:00:57]} 63. Nb4 {[%emt 0:00:16]} 1-0

[Event "5th EKA IIFL Investment 2019"]
[Site "Mumbai"]
[Date "2020.01.03"]
[Round "5.37"]
[White "Thanki, Hemal Karsanji"]
[Black "Ameir, Moheb"]
[Result "0-1"]
[WhiteElo "2164"]
[BlackElo "2342"]
[Annotator "ChessBase"]
[PlyCount "82"]
[EventDate "2019.12.30"]
[EventType "swiss"]
[EventCountry "IND"]
[SourceTitle "playchess.com"]
[Source "ChessBase"]
[SourceQuality "1"]
[TimeControl "40/5400+30:1800+30"]

1. e4 {[%emt 0:00:00]} c5 {[%emt 0:00:46]} 2. Nf3 {[%emt 0:00:59]} Nc6 {[%emt 0:00:08]} 3. Bb5 {[%emt 0:01:51]} g6 {[%emt 0:00:08]} 4. Bxc6 {[%emt 0:00:07]} dxc6 {[%emt 0:00:05]} 5. d3 {[%emt 0:00:06]} Bg7 {[%emt 0:00:05]} 6. h3 {[%emt 0:00:40]} Nh6 {[%emt 0:00:27]} 7. O-O {[%emt 0:02:06]} f6 {[%emt 0:04:27]} 8. e5 {[%emt 0:04:50]} O-O {[%emt 0:00:36]} 9. Re1 {[%emt 0:00:55]} Nf7 {[%emt 0:02:24]} 10. Nc3 {[%emt 0:03:48]} Qc7 {[%emt 0:12:24]} 11. a4 {[%emt 0:07:10]} f5 {[%emt 0:02:35]} 12. Qe2 {[%emt 0:03:15]} h6 {[%emt 0:06:17]} 13. h4 {[%emt 0:07:16]} b6 {[%emt 0:11:50]} 14. a5 {[%emt 0:06:48]} Rb8 {[%emt 0:04:03]} 15. axb6 {[%emt 0:07:35]} axb6 {[%emt 0:00:12]} 16. Bf4 {[%emt 0:00:06]} e6 {[%emt 0:02:42]} 17. Qe3 {[%emt 0:06:23]} Bb7 {[%emt 0:03:44]} 18. Na4 {[%emt 0:01:56]} Ra8 {[%emt 0:01:01]} 19. b4 {[%emt 0:14:35]} cxb4 {[%emt 0:02:03]} 20. Nxb6 {[%emt 0:07:27]} Rxa1 {[%emt 0:00:52]} 21. Rxa1 {[%emt 0:00:02]} c5 {[%emt 0:04:03]} 22. Nc4 {[%emt 0:02:49]} Ra8 {[%emt 0:05:21]} 23. Rxa8+ {[%emt 0:00:37]} Bxa8 {[%emt 0:00:08]} 24. Nd6 {[%emt 0:06:00]} Bxf3 {[%emt 0:04:38]} 25. Nxf7 {[%emt 0:11:41]} Kxf7 {[%emt 0:05:24]} 26. Qxf3 {[%emt 0:00:01]} Bf8 {[%emt 0:05:48]} 27. Qe3 {[%emt 0:01:46]} h5 {[%emt 0:01:09]} 28. g3 {[%emt 0:01:12]} Qa7 {[%emt 0:02:23]} 29. Qc1 {[%emt 0:01:35]} Qa3 {[%emt 0:01:41]} 30. Qb1 {[%emt 0:00:41]} Bg7 {[%emt 0:03:08]} 31. Kg2 {[%emt 0:00:01]} Qa8+ {[%emt 0:00:36]} 32. f3 {[%emt 0:00:24]} Qd5 {[%emt 0:02:06]} 33. Qb3 {[%emt 0:00:56]} Qd4 {[%emt 0:03:04]} 34. Qa4 {[%emt 0:00:30]} Qd5 {[%emt 0:02:38]} 35. Qa7+ {[%emt 0:00:14]} Kg8 {[%emt 0:00:13]} 36. Qb8+ {[%emt 0:00:13]} Kh7 {[%emt 0:00:18]} 37. Qd6 {[%emt 0:00:43]} Qa2 {[%emt 0:00:19]} 38. Kh3 {[%emt 0:01:09]} Qb1 {[%emt 0:00:44]} 39. g4 {[%emt 0:00:19]} Qh1+ {[%emt 0:00:29]} 40. Kg3 {[%emt 0:00:00]} Qg1+ {[%emt 0:00:00]} 41. Kh3 {[%emt 0:00:43]} fxg4+ {[%emt 0:00:03]} 0-1

[Event "5th EKA IIFL Investment 2019"]
[Site "Mumbai"]
[Date "2020.01.03"]
[Round "5.38"]
[White "Parnali, S Dharia"]
[Black "Sahoo, Utkal Ranjan"]
[Result "0-1"]
[WhiteElo "2102"]
[BlackElo "2329"]
[Annotator "TA"]
[PlyCount "80"]
[EventDate "2019.12.30"]
[EventType "swiss"]
[EventCountry "IND"]
[SourceTitle "playchess.com"]
[Source "ChessBase"]
[SourceQuality "1"]

{[%evp 18,80,-5,0,8,13,25,14,18,0,33,9,2,0,-4,-11,0,-57,-58,-65,-56,-62,-70,-64,-44,-110,-114,-106,-118,-139,-141,-156,-131,-129,-112,-142,-156,-226,-202,-381,-391,-510,-468,-457,-390,-699,-376,-922,0,-698,-697,-1060,-1067,-1088,-988,-965,-753,-886,-817,-29980,-12839,-29994,-29995,-29997,-688]} 1. d4 Nf6 2. c4 e6 3. g3 d5 4. Bg2 Bb4+ 5. Bd2 Bd6 6. Nf3 c6 7. O-O O-O 8. Qc2 Nbd7 9. Bf4 Bxf4 10. gxf4 Ne4 {E01: Catalan: Early deviations} (10... b6 11. Ne5 Nxe5 12. fxe5 Ng4 13. Nd2 Ba6 14. cxd5 cxd5 15. Nf3 Nh6 16. Bh3 f5 17. Kh1 Kh8 18. Rg1 {½-½ (27) Andreikin,D (2736)-Carlsen,M (2840) Wijk aan Zee 2017}) 11. Nbd2 f5 12. a4 a5 $146 {The position is equal.} ({Predecessor:} 12... Ndf6 13. Ra3 Nh5 14. e3 Rf6 15. Ne5 Rh6 16. Ndf3 Bd7 17. c5 Be8 18. a5 {½-½ (53) Usachyi,M (2232)-Reh,S Bad Zwesten 1999}) 13. Ra3 Qf6 14. Ne5 Qh4 15. Rf3 Nxe5 16. dxe5 Bd7 17. c5 (17. Nb3 $11) 17... Rfb8 $15 18. Qc1 b6 19. Nxe4 fxe4 20. Rc3 Qe7 21. Rd1 (21. cxb6 $15 Rxb6 22. Qd2) 21... bxc5 $17 22. Rxc5 Rb4 23. e3 Rxa4 24. Qc3 Rb4 25. Ra1 Qd8 26. Bf1 Qb6 27. Ra3 (27. Ra2 $17 {is a better defense.}) 27... a4 $19 ({Much less strong is} 27... Rxb2 28. Rcxa5 Rxa5 29. Rxa5 $17) 28. f5 $2 {[#]} (28. Ra2) 28... exf5 29. e6 Be8 30. Ra2 Rb8 31. Bh3 $2 (31. Qc2) 31... Rb3 32. Qd4 $2 (32. Qa5 Qb7 33. Qxa4) 32... Rb4 33. Qc3 Rxb2 34. Rxa4 Rb1+ 35. Kg2 Qd8 {[#] ( -> ...Qg5+)} 36. Qe5 Qe7 37. Rca5 Bh5 38. Qxf5 Bf3+ 39. Kg3 Rg1+ 40. Kf4 Qc7+ {Accuracy: White = 22%, Black = 60%.} 0-1

[Event "5th EKA IIFL Investment 2019"]
[Site "Mumbai"]
[Date "2020.01.03"]
[Round "5.39"]
[White "Tiwari, Arjun"]
[Black "Rathnakaran, K.."]
[Result "1-0"]
[WhiteElo "2101"]
[BlackElo "2322"]
[Annotator "TA"]
[PlyCount "51"]
[EventDate "2019.12.30"]
[EventType "swiss"]
[EventCountry "IND"]
[SourceTitle "playchess.com"]
[Source "ChessBase"]
[SourceQuality "1"]

{[%evp 9,51,-3,17,-14,-11,-13,0,-27,6,11,39,39,39,30,35,42,37,33,37,46,62,12,32,31,46,0,30,20,23,22,8,0,20,26,29,38,458,448,424,456,452,424,1083,1075]} 1. e4 e6 2. Qe2 c5 3. g3 h5 (3... Nc6 4. Nf3 g6 5. Bg2 Bg7 6. O-O Nge7 7. Rd1 Nd4 8. Nxd4 cxd4 9. c3 Nc6 10. Na3 O-O 11. Nc2 d5 12. exd5 exd5 13. Qf3 Ne5 14. Qxd5 Qxd5 15. Bxd5 {1-0 (64) Kovalenko,I (2639)-Duda,J (2717) Katowice 2017}) 4. h3 $146 ({Predecessor:} 4. h4 Nc6 5. c3 Nf6 6. Bg2 d5 7. d3 dxe4 8. dxe4 Ne5 9. Bg5 c4 10. Nd2 Qc7 11. Bf4 {0-1 (24) Kutschke,P (2045)-Fries Nielsen,J (2381) Rostock 2013}) 4... Nc6 5. Bg2 Be7 6. f4 {C00: French: Unusual White 2nd moves} d5 7. d3 Nf6 8. e5 {The position is equal.} Nd7 (8... Ng8 {looks sharper.} 9. c3 Bd7 10. Be3 Qb6 11. Nf3 Nh6) 9. Nf3 Nd4 10. Nxd4 cxd4 11. Nd2 Nb8 12. Nf3 Nc6 13. O-O Bc5 14. a3 a5 15. b3 Qb6 16. Qf2 Ne7 17. g4 hxg4 18. hxg4 Bd7 19. Bb2 {[%cal Rb2d4]} Nc6 20. Rfb1 Rc8 21. b4 axb4 22. axb4 Qxb4 $2 {[%mdl 8192] [#]} (22... Bxb4 $14 23. c3 Ba5 24. cxd4 Qd8) 23. Bc1 $1 $18 {White is clearly winning.} ({Weaker is} 23. Ba3 Qa5 $16) 23... Qc3 {[#]} 24. Bd2 $1 {[%cal Rd2c3]} Qxc2 25. Ne1 Qc3 (25... Qxb1 $142 26. Rxb1 b6) 26. Bxc3 {[%mdl 64] Pin. Accuracy: White = 55%, Black = 34%.} 1-0

[Event "5th EKA IIFL Investment 2019"]
[Site "Mumbai"]
[Date "2020.01.03"]
[Round "5.40"]
[White "Nikhil Magizhnan"]
[Black "Shailesh, Dravid"]
[Result "1/2-1/2"]
[WhiteElo "2077"]
[BlackElo "2311"]
[Annotator "TA"]
[PlyCount "80"]
[EventDate "2019.12.30"]
[EventType "swiss"]
[EventCountry "IND"]
[SourceTitle "playchess.com"]
[Source "ChessBase"]
[SourceQuality "1"]

{[%evp 14,80,17,17,44,39,47,44,48,35,41,41,46,24,25,19,32,22,32,-13,23,20,11,13,40,13,51,50,107,118,108,24,34,45,51,39,51,26,44,31,122,127,150,114,256,251,431,412,392,391,377,303,313,306,315,294,331,306,310,304,299,288,275,227,304,305,270,151,127]} 1. e4 c5 2. Nf3 d6 3. c3 Nf6 4. Bd3 Nc6 5. Bc2 Bg4 6. d3 g6 7. Nbd2 {[%cal Bb1d2,Bd2f3,Bf3h4,Bh4f5,Bf5e3][%mdl 32]} Bg7 8. h3 Bxf3 {B50: Sicilian: 2...d6, Miscellaneous} (8... Bd7 9. O-O O-O 10. a3 b5 11. Re1 a5 12. d4 cxd4 13. cxd4 e5 14. dxe5 Nxe5 15. Nxe5 dxe5 16. Nf3 {½-½ (69) Korobov,A (2652)-Xu,Y (2526) Tegernsee 2017}) 9. Nxf3 e5 10. Be3 O-O {White is slightly better.} 11. Qd2 Re8 12. O-O Qc7 $146 ({Predecessor:} 12... Rc8 13. Ng5 d5 14. Bxc5 dxe4 15. Bb3 Rc7 16. Rad1 Na5 17. Bxf7+ Rxf7 18. Nxf7 Kxf7 19. dxe4 Qxd2 20. Rxd2 {½-½ (63) Valenti,R (2143)-Morales Rivera,J (2354) Madrid 2001}) 13. Bh6 Rad8 14. Nh4 d5 15. Bxg7 Kxg7 16. Qg5 {Black must now prevent Nf5+.} (16. Nf5+ $5 Kh8 17. Qh6 $14) 16... Ng8 17. Nf5+ Kh8 {[#] Threatens to win with ...f6.} 18. Ne3 Qe7 19. Qxe7 Ncxe7 (19... Ngxe7 {is interesting.} 20. Bb3 d4 21. cxd4 exd4 22. Nc4 f5) 20. Bb3 {[%cal Re4d5]} c4 (20... d4 $1 $14) 21. dxc4 $16 {[%cal Re4d5]} dxe4 22. Nd5 ({White should try} 22. Rad1 $16) 22... Nxd5 23. cxd5 f5 24. c4 Nf6 25. Rfd1 Nh5 26. c5 Nf4 {[#]} (26... Rc8 $1 $14) 27. Bc4 $1 Re7 28. b4 Rc8 (28... Kg7 $16) 29. d6 $18 Rg7 $2 (29... Rd7 {might work better.} 30. h4 Rdd8) 30. Kh2 Rd7 31. g3 Nd3 32. Bb5 Rdd8 33. Bxd3 exd3 34. Rxd3 {[%mdl 4096] Endgame KRR-KRR} e4 35. Rd2 Kg7 36. Rad1 Kf6 37. Rd5 Ke6 38. a4 b6 39. d7 Rc6 40. cxb6 (40. g4 $18) 40... Rxb6 {Accuracy: White = 61%, Black = 38%.} 1/2-1/2

[Event "5th EKA IIFL Investment 2019"]
[Site "Mumbai"]
[Date "2020.01.03"]
[Round "5.41"]
[White "Tarini Goyal"]
[Black "Pranav, Anand"]
[Result "0-1"]
[WhiteElo "2098"]
[BlackElo "2309"]
[Annotator "ChessBase"]
[PlyCount "133"]
[EventDate "2019.12.30"]
[EventType "swiss"]
[EventCountry "IND"]
[SourceTitle "playchess.com"]
[Source "ChessBase"]
[SourceQuality "1"]
[TimeControl "40/5400+30:1800+30"]

1. d4 {[%emt 0:00:00]} Nf6 {[%emt 0:00:00]} 2. c4 {[%emt 0:00:00]} e6 {[%emt 0:00:03]} 3. Nf3 {[%emt 0:00:25]} d5 {[%emt 0:00:11]} 4. Nc3 {[%emt 0:00:23]} Bb4 {[%emt 0:00:08]} 5. g3 {[%emt 0:00:13]} O-O 6. Bg2 {[%emt 0:00:32]} dxc4 {[%emt 0:01:43]} 7. O-O {[%emt 0:00:18]} Nc6 {[%emt 0:04:46]} 8. Qa4 {[%emt 0:02:57]} Nd5 {[%emt 0:01:00]} 9. Qc2 {[%emt 0:00:22]} Be7 {[%emt 0:00:20]} 10. Rd1 {[%emt 0:00:22]} Rb8 {[%emt 0:08:54]} 11. e4 {[%emt 0:00:31]} Ndb4 {[%emt 0:01:13]} 12. Qe2 {[%emt 0:00:34]} Nd3 {[%emt 0:06:55]} 13. Be3 {[%emt 0:00:22]} b5 {[%emt 0:06:04]} 14. b3 {[%emt 0:02:41]} a6 {[%emt 0:07:23]} 15. a4 {[%emt 0:16:28]} Na5 {[%emt 0:17:34]} 16. axb5 {[%emt 0:11:51]} Nxb3 {[%emt 0:01:07]} 17. Rab1 {[%emt 0:00:09]} Nb4 {[%emt 0:00:38]} 18. Bf4 {[%emt 0:24:50]} axb5 {[%emt 0:15:20]} 19. Nxb5 {[%emt 0:00:47]} Rxb5 {[%emt 0:00:15]} 20. Qxc4 {[%emt 0:05:51]} Ba6 {[%emt 0:00:37]} 21. Qxb3 {[%emt 0:05:14]} Nd5 {[%emt 0:07:34]} 22. Qc2 {[%emt 0:01:15]} Rxb1 {[%emt 0:03:04]} 23. Rxb1 {[%emt 0:01:00]} Nxf4 {[%emt 0:01:06]} 24. gxf4 {[%emt 0:00:07]} Qd6 {[%emt 0:04:48]} 25. e5 {[%emt 0:04:57]} Qd7 {[%emt 0:00:49]} 26. Rc1 {[%emt 0:03:36]} c6 {[%emt 0:02:54]} 27. Qc3 {[%emt 0:11:35]} Rc8 {[%emt 0:01:20]} 28. Nd2 {[%emt 0:03:17]} Bb5 {[%emt 0:05:51]} 29. Nb3 {[%emt 0:00:43]} g6 {[%emt 0:00:30]} 30. d5 {[%emt 0:02:35]} Ba3 {[%emt 0:02:20]} 31. dxc6 {[%emt 0:00:30]} Bxc6 {[%emt 0:00:28]} 32. Nc5 {[%emt 0:00:50]} Bxc5 {[%emt 0:00:33]} 33. Qxc5 {[%emt 0:00:06]} Bb7 {[%emt 0:00:03]} 34. Qe3 {[%emt 0:00:26]} Rd8 {[%emt 0:00:22]} 35. Bxb7 {[%emt 0:00:52]} Qxb7 {[%emt 0:00:01]} 36. Re1 {[%emt 0:00:47]} Qb4 {[%emt 0:00:20]} 37. Kg2 Rd4 {[%emt 0:00:08]} 38. Rb1 {[%emt 0:00:59]} Qa4 {[%emt 0:00:31]} 39. Kg3 {[%emt 0:00:25]} Qc4 {[%emt 0:00:20]} 40. Rc1 {[%emt 0:00:00]} Qd5 {[%emt 0:00:00]} 41. Rc3 {[%emt 0:09:05]} Kg7 {[%emt 0:10:25]} 42. Qf3 {[%emt 0:10:50]} Qb5 {[%emt 0:03:48]} 43. Qg4 {[%emt 0:04:06]} h6 {[%emt 0:03:22]} 44. h4 {[%emt 0:02:13]} Qf1 {[%emt 0:01:54]} 45. Qf3 {[%emt 0:00:10]} h5 {[%emt 0:02:51]} 46. Qg2 {[%emt 0:02:09]} Qxg2+ {[%emt 0:01:26]} 47. Kxg2 {[%emt 0:00:08]} Rxf4 {[%emt 0:00:03]} 48. Kg3 {[%emt 0:00:39]} Rg4+ {[%emt 0:00:05]} 49. Kh3 {[%emt 0:00:11]} g5 {[%emt 0:00:17]} 50. hxg5 {[%emt 0:00:47]} Rxg5 {[%emt 0:00:09]} 51. Re3 {[%emt 0:02:24]} Kg6 {[%emt 0:00:18]} 52. Re4 {[%emt 0:01:32]} Kf5 {[%emt 0:02:42]} 53. f3 {[%emt 0:00:09]} Rg1 {[%emt 0:01:03]} 54. Kh4 {[%emt 0:02:34]} Kg6 {[%emt 0:02:02]} 55. Rf4 {[%emt 0:00:45]} Rh1+ {[%emt 0:01:19]} 56. Kg3 {[%emt 0:00:03]} Re1 {[%emt 0:00:06]} 57. Rf6+ {[%emt 0:00:12]} Kg7 {[%emt 0:00:04]} 58. f4 {[%emt 0:00:56]} Rg1+ {[%emt 0:00:11]} 59. Kh4 {[%emt 0:00:07]} Rg6 {[%emt 0:00:30]} 60. Kxh5 {[%emt 0:00:36]} Rxf6 {[%emt 0:00:05]} 61. exf6+ {[%emt 0:00:13]} Kxf6 {[%emt 0:00:45]} 62. Kg4 {[%emt 0:00:04]} Kg6 {[%emt 0:00:04]} 63. Kg3 {[%emt 0:00:24]} Kf5 {[%emt 0:00:05]} 64. Kf3 {[%emt 0:00:02]} f6 {[%emt 0:00:16]} 65. Ke3 {[%emt 0:00:37]} Kg4 {[%emt 0:00:08]} 66. Ke4 {[%emt 0:00:06]} f5+ {[%emt 0:00:05]} 67. Kd4 0-1

[Event "5th EKA IIFL Investment 2019"]
[Site "Mumbai"]
[Date "2020.01.03"]
[Round "5.42"]
[White "Sri Sai Baswanth P"]
[Black "Samant, Aditya S"]
[Result "1-0"]
[WhiteElo "2027"]
[BlackElo "2309"]
[Annotator "TA"]
[PlyCount "37"]
[EventDate "2019.12.30"]
[EventType "swiss"]
[EventCountry "IND"]
[SourceTitle "playchess.com"]
[Source "ChessBase"]
[SourceQuality "1"]

{[%evp 9,61,-16,-9,-22,-27,-29,-14,-17,-29,-27,12,-16,0,0,0,-25,0,-24,72,88,84,52,290,289,305,289,371,375,370,293,287,244,403,400,364,288,701,688,665,641,598,473,1421,1397,1845,1887,1906,1864,2864,2889,2879,2731,1775,1503]} 1. e4 c5 2. b3 Nc6 3. Bb2 d6 4. Bb5 Bd7 5. Bxc6 (5. f4 a6 6. Bxc6 Bxc6 7. Nc3 e6 8. Nf3 Nf6 9. Qe2 Be7 10. O-O-O O-O 11. d4 cxd4 12. Nxd4 Qc7 13. g4 {1-0 (32) Carlsen,M (2834)-Ehlvest,J (2536) chess.com INT 2018}) 5... Bxc6 6. Nc3 {B20: Sicilian: Unusual White 2nd moves} Nf6 7. Qe2 {[#]} b5 $146 {[%mdl 512]} ({Predecessor:} 7... e6 8. f4 d5 9. e5 Ne4 10. Nxe4 dxe4 11. Qe3 Qh4+ 12. g3 Qh5 {½-½ (31) Segarra,R (2304)-Kurbonboeva,S (2274) Subic Bay 2016}) 8. Nxb5 {The position is equal.} Nxe4 9. f4 Qd7 10. O-O-O Nf6 11. Nc3 Qe6 12. Qf1 Qg4 13. Nf3 Qxf4 (13... a6 $11 {remains equal.}) 14. Qa6 $16 Kd7 15. Nb5 Rb8 $2 ({Black should try} 15... Bxf3 $14 16. gxf3 Qxf3) 16. Nxa7 $18 Ba8 17. c4 e6 18. Qa4+ Ke7 19. Nc6+ {Played: Rh1-e1} 1-0